| 000 | 00000nas 2200000za 4500 |
| 001 | 9.846241 |
| 003 | CaOODSP |
| 005 | 20221107153144 |
| 007 | cr ||||||||||| |
| 008 | 171027c19929999oncar p or f0###b0fre|d |
| 040 | |aCaOODSP|bfre |
| 041 | |aeng|afre |
| 043 | |an-cn--- |
| 086 | 1 |aR32-119/1-PDF |
| 245 | 00|aGovernment training initiatives for First Nations |h[ressource électronique]. |
| 246 | 13|aProjets gouvernementaux de formation à l'intention des Premières nations |
| 260 | |aOttawa : |bAffaires indiennes et du Nord Canada = Indian and Northern Affairs Canada, |c1992- |
| 310 | |aAnnuel |
| 362 | 0 |a1992/1993- |
| 500 | |aÉdition numérisée de l’imprimé [par Affaires autochtones et du Nord Canada]. |
| 546 | |aTexte en anglais et en français. |
| 692 | 07|2gccst|aFormation |
| 692 | 07|2gccst|aIndiens |
| 710 | 1 |aCanada. |bAffaires indiennes et du Nord Canada. |
| 780 | 00|tIndian/Inuit management courses |w(CaOODSP)9.846226 |
| 791 | |tGovernment training initiatives for First Nations |eeng|w(CaOODSP)9.846240 |